Keeping the heart. (Record no. 12599)

000 -LEADER
fixed length control field 00532nam a2200181 a 4500
001 - CONTROL NUMBER
control field :::00010407$&:&@@
003 - CONTROL NUMBER IDENTIFIER
control field OkBaRHE
005 - DATE AND TIME OF LATEST TRANSACTION
control field 20000607103358.0
008 - FIXED-LENGTH DATA ELEMENTS--GENERAL INFORMATION
fixed length control field j 000 0 eng u
040 ## - CATALOGING SOURCE
Transcribing agency
100 1# - MAIN ENTRY--PERSONAL NAME
Personal name Flavel, John, 1630-1691.
245 10 - TITLE STATEMENT
Title Keeping the heart.
260 ## - PUBLICATION, DISTRIBUTION, ETC. (IMPRINT)
Place of publication, distribution, etc Grand Rapids, MI., :
Name of publisher, distributor, etc Baker Book House
Date of publication, distribution, etc nd
300 ## - PHYSICAL DESCRIPTION
Extent 96 p. ;
Dimensions 18 cm.
650 ## - SUBJECT ADDED ENTRY--TOPICAL TERM
Topical term or geographic name as entry element Christian Life
942 ## - ADDED ENTRY ELEMENTS (KOHA)
Source of classification or shelving scheme
Koha item type Books
Copies
Koha item type Full call number Permanent Location Barcode Date last seen Withdrawn status Not for loan Source of classification or shelving scheme Price effective from Lost status Damaged status Date acquired Copy number Shelving location
BooksBV 4501 .F55RHEMA Bible Training College104072010-04-14   2010-04-14  2010-04-141General Stacks